000 00504nam a2200169Ia 4500
008 140527s9999 xx 000 0 und d
020 _a9789712364563
050 _aKPM 863
_b.D377l 2013
100 _aDe Leon, Hector S.
245 _aThe law on sales, agency and credit transactions /
_cHector S. De Leon.
260 _aManila :
_bRex Book Store,
_cc2013.
300 _a494 p. :
_c23 cm.
521 _aBSBA
650 _aSecurity (Law)
_xPhilippines
942 _kLOC
_cBK
999 _c117520
_d117520